UBT Library

CHECK IN CHECK OUT MANAGING HOTEL OPERATIONS (Record no. 35374)

000 -LEADER
fixed length control field 00328nam a22001337a 4500
008 - FIXED-LENGTH DATA ELEMENTS--GENERAL INFORMATION
fixed length control field 171023b xxu||||| |||| 00| 0 eng d
020 ## - INTERNATIONAL STANDARD BOOK NUMBER
International Standard Book Number 2900132059670
041 ## - LANGUAGE CODE
Language code of text/sound track or separate title eng
080 ## - UNIVERSAL DECIMAL CLASSIFICATION NUMBER
Edition identifier 8 ED
Universal Decimal Classification number 338
100 ## - Rafti
Rafti 54
101 ## - Shkurtesa
Shkurtesa MAN
245 ## - TITLE STATEMENT
Title CHECK IN CHECK OUT MANAGING HOTEL OPERATIONS
Statement of responsibility, etc VALLEN.J.J
942 ## - ADDED ENTRY ELEMENTS (KOHA)
Source of classification or shelving scheme
Item type Books

No items available.

UBT Library © 2015-2024. All rights reserved University Education for Business and Technology